| 000 | 00785nam a2200217Ia 4500 | ||
|---|---|---|---|
| 003 | GCL | ||
| 008 | 140319s9999 xx 000 0 ara d | ||
| 040 |
_aGCL / _cGCL |
||
| 082 | 0 | 4 |
_aق _b069.0962 _bد د |
| 100 | 1 | _aدارسى جورج | |
| 245 | 1 | 0 |
_aالدليل العصرى للمتحف المصرى (سلسلة صفحات من تاريخ مصر الفرعونية) / _cدارسى جورج |
| 700 | 1 | _aانطوان زكرى | |
| 260 |
_aالقاهرة : _bمكتبة مدبولى ، _c1993 |
||
| 300 |
_a97 ص ؛ _c25سم |
||
| 490 |
_aصفحات من تاريخ مصر الفرعونية _v0 |
||
| 650 | 0 | 4 | _aتاريخ |
| 650 | 0 | 4 | _aمصر القديمة |
| 650 | 0 | 4 | _aالمتحف المصرى |
| 650 | 0 | 4 | _aالمتحف المصرى (مقتنيات) |
| 942 |
_2ddc _cBK |
||
| 999 |
_c52515 _d52515 |
||